000 00459nam a22001817a 4500
003 CEME
005 20210628202049.0
008 210128b xxu||||| |||| 00| 0 eng d
020 _a0-439-36213-X
040 _c.
082 _a808.008 ROW
100 _aRowling, J.K
_911309
245 _aHarry potter and the sorcerer's stone
260 _aNEW YORK
_bSCHOLASTIC
_c1999
300 _a384P
650 _aENGLISH LITERATURE-STORIES
_91860
942 _cBK
_2ddc
999 _c568338
_d568338